| 000 | 00342nam a22001457a 4500 | ||
|---|---|---|---|
| 003 | SGT | ||
| 020 | _a978-93-86735-48-5 | ||
| 082 |
_a616.6 _bU18K |
||
| 100 | _aKUMAR,BISHNU | ||
| 245 | _aA COMPREHENSIVE STUDY OF UROLOGY IN AYURVEDA | ||
| 260 |
_aVARANASI _bCHAUKHAMBA PUB _c2018 |
||
| 300 | _a176 | ||
| 650 | _aAYURVEDA | ||
| 942 |
_2ddc _cBK _07 |
||
| 999 |
_c16530 _d16530 |
||